Normal view
MARC view
Entry Término temático
001 - NÚMERO DE CONTROL
- campo de control: 29093
003 - IDENTIFICADOR DEL NÚMERO DE CONTROL
- campo de control: OSt
005 - FECHA Y HORA DE LA ÚLTIMA TRANSACCIÓN
- campo de control: 20200615033155.0
008 - DATOS DE LONGITUD FIJA
- campo de control de longitud fija: 200615|| aca||aabn | a|a d
040 ## - FUENTE DE LA CATALOGACIÓN
- Centro catalogador/agencia de origen: OSt
- Centro/agencia transcriptor: OSt
150 ## - ENCABEZAMIENTO--TÉRMINO DE MATERIA
- Término de materia o nombre geográfico como elemento de entrada: UNIVERSIDADES
- Subdivisión general: FINES Y OBJETIVOS
- Subdivisión geográfica: REPÚBLICA DOMINICANA
- Subdivisión general: ENSAYOS, CONFERENCIAS, ETC
670 ## - FUENTE DE DATOS ENCONTRADOS
- Cita de la fuente: Work cat.: (OSt)12054: García, Manuel de Jesús, 1954- 29091, La UCE, su impacto en el desarrollo regional y nacional /, 2001.
